Detalles MARC
| 000 -CABECERA |
| campo de control de longitud fija |
01073nam a2200241 a 4500 |
| 001 - NÚMERO DE CONTROL |
| campo de control |
000041491 |
| 005 - FECHA Y HORA DE LA ÚLTIMA TRANSACCIÓN |
| campo de control |
20201002034934.0 |
| 008 - DATOS DE LONGITUD FIJA--INFORMACIÓN GENERAL |
| campo de control de longitud fija |
131016s2004 sp ac 000 0 spa d |
| 020 ## - NÚMERO INTERNACIONAL ESTÁNDAR DEL LIBRO |
| Número Internacional Estándar del Libro |
8400040090 |
| 040 ## - FUENTE DE LA CATALOGACIÓN |
| Centro catalogador/agencia de origen |
DO-SdBNP |
| Lengua de catalogación |
spa |
| Centro/agencia transcriptor |
BNPHU |
| 100 1# - ENTRADA PRINCIPAL--NOMBRE DE PERSONA |
| Nombre de persona |
Pedro de Atarrabía |
| 9 (RLIN) |
68184 |
| 245 10 - MENCIÓN DE TÍTULO |
| Título |
Petri de Atarrabia sive de Navarra In primum sententiarum scriptum / |
| Mención de responsabilidad, etc. |
quod ad fidem codicum manuscriptorum critice edidit Pius Sagües Azcona. |
| 260 ## - PUBLICACIÓN, DISTRIBUCIÓN, ETC. |
| Lugar de publicación, distribución, etc. |
Barcelona : |
| Nombre del editor, distribuidor, etc. |
CSIC,. |
| 300 ## - DESCRIPCIÓN FÍSICA |
| Extensión |
506 p. : |
| Otras características físicas |
il., retrs. ; |
| Dimensiones |
25 cm. |
| 490 1# - MENCIÓN DE SERIE |
| Mención de serie |
Bibliotheca theologica Hispana |
| Designación de volumen o secuencia |
2 |
| 500 ## - NOTA GENERAL |
| Nota general |
La biblioteca posee el v. 1 |
| 504 ## - NOTA DE BIBLIOGRAFÍA, ETC. |
| Nota de bibliografía, etc. |
Bibliografía : p. 245 -255 |
| 504 ## - NOTA DE BIBLIOGRAFÍA, ETC. |
| Nota de bibliografía, etc. |
Incluye referencias bibliográficas y notas al pie de las páginas |
| 505 2# - NOTA DE CONTENIDO CON FORMATO |
| Nota de contenido con formato |
v. 1 |
| Título |
Introductio, prologus et distinctiones a prima usque ad decimam octavam.-- |
| Información miscelánea |
v.2 |
| Título |
Distinctiones a decima nona usque ad quadragesimam octavam -- |
| 700 1# - PUNTO DE ACCESO ADICIONAL--NOMBRE DE PERSONA |
| Nombre de persona |
Sagües Azcona, Pío, |
| Término indicativo de función/relación |
ed. |
| 9 (RLIN) |
68185 |
| 710 2# - PUNTO DE ACCESO ADICIONAL--NOMBRE DE ENTIDAD CORPORATIVA |
| Nombre de entidad corporativa o nombre de jurisdicción como elemento de entrada |
Consejo Superior de Investigaciones Científicas |
| 9 (RLIN) |
4786 |
| 830 #0 - PUNTO DE ACCESO ADICIONAL DE SERIE-TÍTULO UNIFORME |
| Título uniforme |
Bibliotheca theologica Hispana |
| Designación de volumen o secuencia |
2 |
| 9 (RLIN) |
68186 |